[Event "Olympiad Women 2024"]
[Site "Budapest HUN"]
[Date "2024.09.20"]
[Round "9.56"]
[Board "2"]
[White "Beukes Jamie-Nicole"]
[Black "Hermoso Rodriguez, Ysvett"]
[Result "0-1"]
[WhiteElo "1735"]
[BlackElo "1943"]
[PlyCount "150"]
[EventDate "2024.09.11"]
[WhiteTeam "Namibia"]
[BlackTeam "Trinidad & Tobago"]
[WhiteTeamCountry "NAM"]

1. e4 {Psakhis,Lev} e6 2. d4 d5 3. e5 c5 4. c3 Nc6 5. Nf3 Bd7 6. Be2 Qb6 7. O-O cxd4 8. cxd4 Nge7 9. Na3 Nf5 10. Nc2 h5 ({RR} 10... a5 11. g4 ({RR} 11. Kh1 h5 12. Bg5 Rc8 13. Qd2 Be7 14. Bd3 Bxg5 ({RR} 14... Ncxd4 15. Nfxd4 Nxd4 16. Bxe7 Kxe7 ({RR} 16... Nxc2 17. Bd6 Nxa1 18. Qg5) 17. Qe3 Rxc2 18. Bxc2 Qxb2 19. Rab1 Qxc2 20. Qxd4) 15. Qxg5 Nce7 ({RR} 15... Ncxd4 16. Ncxd4 Nxd4 17. Qe3) ({RR} 15... Qxb2 16. Rfb1 Qc3 17. Rb3) ({RR} 15... Qd8 16. Qf4) 16. Bxf5 exf5 ({RR} 16... Nxf5 17. Ne3) 17. Ne3 Qh6 18. g3) 11... Nfe7 12. Nh4 Ng6 13. Ng2 f6 14. exf6 gxf6 15. Kh1 Bg7 16. f4 f5 17. gxf5 exf5 18. Be3 Rc8 19. b3 O-O 20. Bf3 Nce7 21. Qd2 Rf6 22. Nge1 Rfc6 23. Bd1 Rc3 24. Nf3 Bb5 25. Rf2) ({RR} 10... f6 11. Bd3 Nfe7 12. b4 Ng6 13. a3 Be7 14. b5 Na5 15. Rb1 Rc8 16. Re1 O-O 17. exf6 gxf6 18. Ne3 f5 19. Bd2 Qd8 20. Bb4 Bxb4 21. Rxb4 b6) 11. h4 ({RR} 11. b3 a5 ({RR} 11... Be7 12. Bb2 g5 13. Nfe1 g4 14. Rb1 a5 15. a3 Kf8 16. Bc3 Kg7 17. Qd2 Rh6 18. Bd3 Nh4 19. Qe3 f5 20. exf6+ Bxf6 21. Bd2 Rhh8 22. Qg3 Ne7 23. Kh1 Nef5 24. Bxf5 Nxf5 25. Qf4 Bb5 26. Rg1) ({RR} 11... Rc8 12. Bb2 Nb4 13. Nxb4 Bxb4 14. Rc1 O-O 15. Qd3 a6 16. a4 Be7 17. Ba1 Rxc1 18. Rxc1 Rc8 19. Rxc8+ Bxc8 20. Ne1 g6 21. Qc3 Bd7 22. Nd3 Bc6 23. a5 Qc7 24. Bb2 Bd8 25. b4 Bb5 26. Kf1) 12. Bb2 Be7 13. Ne3 Nxe3 ({RR} 13... g6 14. Nxf5 gxf5 15. Qd2 Nd8 16. Bc3 Bb5 17. Bxb5+ Qxb5 18. Rfb1 Nc6 19. Ne1 Kd7 20. Nc2 Bb4 21. a4 Qb6 22. Bxb4 axb4 23. Rd1 Rag8 24. h3 Rg6 25. Rac1 Rhg8 26. Ne1 Qd8 27. Qd3 f4 28. Rc5) 14. fxe3 a4 15. Rb1 axb3 16. axb3 Ra2 17. Kh1 Nb4 ({RR} 17... O-O 18. Ne1 h4 19. Nd3) 18. Bc3 O-O ({RR} 18... Bb5) 19. Ng1 h4 ({RR} 19... Bb5 20. Bxb5 Qxb5 21. Bxb4 Bxb4 22. Qxh5 Qd3) 20. Nh3 Nc2 21. Bd2 Na3 ({RR} 21... Bb5 22. Bxb5 Qxb5 23. Nf4 Bg5 24. Qg4 Bxf4 25. Qxf4 Qd3) 22. Rc1 Rb2 23. b4 ({RR} 23. Bd3 Qxb3) ({RR} 23. Bc3 Rxe2 24. Qxe2 Bb5) 23... Bxb4 ({RR} 23... Bb5) 24. Bd3 ({RR} 24. Bxb4 Qxb4 25. Bd3 Qd2) 24... g6 ({RR} 24... Rxd2 25. Qh5 f5 ({RR} 25... Rxd3 26. Ng5) 26. Ng5 Ra8 27. Qf7+ Kh8 28. Rf4) ({RR} 24... f5 25. exf6) ({RR} 24... Bb5 25. Bxb4 Rxb4 ({RR} 25... Bxd3 26. Qxd3 Qxb4 27. Ng5 g6 28. Rxf7) 26. Bh7+ ({RR} 26. Ng5) 26... Kxh7 27. Qh5+ Kg8 28. Ng5 Bd3 29. Qxf7+ Rxf7 30. Rc8+) 25. Qg4 Kg7 {1-0 Shirov,A (2726)-Kortschnoj,V (2601) Drammen Smartfish Masters 2004 (4)} ({RR} 25... Be8 26. Qxh4 ({RR} 26. Bxb4 Qxb4 27. Ng5)) ({RR} 25... Rxd2 26. Bxg6 fxg6 27. Qxg6+ Kh8 28. Ng5) {RR} 26. Ng5 Be8 ({RR} 26... Bxd2 27. Qxh4 Rh8 28. Rxf7+ Kg8 29. Rf8+ Kxf8 30. Qxh8+ Ke7 31. Qf6+ Ke8 32. Bxg6#) 27. Bxb4 Qxb4 28. Bxg6) ({RR} 11. b4 Rc8 12. Rb1 a6 13. Be3 Na7 14. Qd2 Bb5 15. Bxb5+ Nxb5 16. Rb3 Qc6 17. Na1 Be7 18. Ne1 Qc4 19. Nec2 Nc3 20. Re1 Ne4 21. Qc1 Nc3 22. Qd2 Ne4 23. Qc1 Nc3 24. Qd2 Ne4 25. Qc1 Nc3) ({RR} 11. Bd3 Rc8 12. Bxf5 exf5 13. Bf4 Be7 14. Rc1 Be6 15. Qd2 Qa5 16. Qxa5 Nxa5 17. Ne3 Kd7 18. h4 Nc4 19. Nxc4 dxc4 20. d5 Bxd5 21. Rfd1 Rc5 22. Be3 Ra5 23. Rxc4 Rd8 24. Bg5 Ke8 25. Bxe7 Kxe7 {0-1 Golubev,M (2461)-Holt,C (2540) Titled Tue 16th Apr Late 2024 (2)}) 11... g6 $146 ({RR} 11... Rc8 12. Bg5 Be7 13. Qd2 Bxg5 14. hxg5 Na5 15. g6 fxg6 16. b4 Nc4 17. Qg5 O-O 18. a4 Be8 19. Rfc1 a6 20. a5 Qd8 21. Ne3 Ncxe3 22. fxe3 Qxg5 23. Nxg5 Bd7 24. Bd3 Rfe8 25. Bxf5 gxf5 26. Rc5 {½-½ Rindlisbacher,L (2315)-Petrusic,T (2289) EU-chT U18 Maribor 2013 (7)}) ({RR} 11... Be7 12. g3 a5 13. Rb1 Nb4 14. Nxb4 axb4 15. Ra1 Ba4 16. b3 Bb5 17. Re1 Kd7 18. Be3 Nxe3 19. Bxb5+ Qxb5 20. Rxe3 Rac8 21. Qe2 Qxe2 22. Rxe2 Rc3 23. Kg2 Rhc8 24. Rd1 f5 25. Ne1 g5 26. hxg5 {½-½ Giesen,D (2269)-Schild,C (2268) Oberliga Ost-B 0607 2006 (2.1)}) 12. Qd3 a6 13. Be3 Na5 14. b3 Be7 15. g3 Bb5 16. Qd2 Bxe2 17. Qxe2 Nc6 18. Rfd1 Bf8 19. Qd2 Bg7 20. Ng5 Nce7 21. Ne1 Nxe3 22. Qxe3 Nf5 23. Qc3 O-O 24. Ngf3 Rfc8 25. Qd3 Rc6 26. Rac1 Rac8 27. Rc2 Bh6 28. Rxc6 Qxc6 29. Nd2 Qc3 30. Qxc3 Rxc3 31. Ndf3 Bf8 32. Kf1 Be7 33. Ke2 Kf8 34. Rd3 Rc6 35. Kd1 Ke8 36. Rd2 Kd7 37. Rc2 Ng7 38. Nd3 Rxc2 39. Kxc2 b6 40. Kc3 Ne8 41. a4 a5 42. b4 axb4+ 43. Nxb4 Ng7 44. Nd2 Nf5 45. Nb3 g5 46. hxg5 Bxg5 47. a5 bxa5 48. Nxa5 h4 49. gxh4 Bxh4 50. Nd3 Be7 51. Nb3 Kc6 52. Nbc5 Nh6 53. Na4 Ng4 54. Nab2 Nh2 55. Ne1 Ng4 56. Nd1 Kb5 57. Kb3 Bh4 58. Nd3 Nh2 59. Ne1 Ng4 60. Nd3 Be7 61. Nc3+ Ka5 62. Nd1 Bd8 63. N1b2 Bg5 64. Nd1 Nh2 65. f4 Bh6 66. Ne3 Nf3 67. Kc3 Bf8 68. f5 Bh6 69. Nxd5 exd5 70. Nc5 Kb5 71. e6 fxe6 72. Nxe6 Nd2 73. Nc5 Ne4+ 74. Kd3 Nxc5+ 75. dxc5 Kxc5 0-1

[Event "Olympiad Women 2024"]
[Site "Budapest HUN"]
[Date "2024.09.20"]
[Round "9.56"]
[Board "3"]
[White "La Fleur, Zara"]
[Black "Van Wyk, Keisha C"]
[Result "1-0"]
[WhiteElo "1773"]
[BlackElo "1599"]
[PlyCount "67"]
[EventDate "2024.09.11"]
[WhiteTeam "Trinidad & Tobago"]
[BlackTeam "Namibia"]
[BlackTeamCountry "NAM"]

1. e4 c5 2. Nf3 d6 3. d4 cxd4 4. Nxd4 Nf6 5. Nc3 a6 6. Be2 e5 7. Nb3 Be7 8. Be3 Be6 9. Qd2 O-O 10. O-O-O ({RR} 10. f4 exf4 11. Bxf4 Nc6 12. O-O-O Ne5 13. h3 b5 14. Kb1 Re8 15. Rhe1 Bf8 16. Bf1 Rc8 17. Qf2 Qc7 18. g4 h6 19. Bg2 Nc4 20. Nd5 Bxd5 21. exd5 Rxe1 22. Rxe1 Nd7 23. Bc1 Nde5 24. Bf4 g6 {½-½ Dolmatov,S (2620)-Fedorowicz,J (2555) Buenos Aires Najdorf 1991 (2)}) 10... Nbd7 ({RR} 10... b5 11. f3 Nc6 12. Kb1 Rb8 13. g4 b4 14. Nd5 Bxd5 15. exd5 Na5 16. g5 Nd7 17. f4 Nxb3 18. axb3 Re8 19. f5 Bf8 20. h4 a5 21. h5 Nc5 22. g6 h6 23. f6 a4 24. Bxc5 dxc5 25. d6 {1-0 Przybylski,W (2308)-Yonal,T (2146) Titled Tue 10th Sep Early 2024 (2)}) 11. f3 Rc8 12. g4 b5 $146 ({RR} 12... Qc7 13. g5 Nh5 14. Rdg1 b5 15. Bd3 b4 16. Ne2 a5 17. Ng3 Nf4 18. Kb1 Nxd3 19. Qxd3 a4 20. Nd2 a3 21. b3 Qc3 22. Qxc3 Rxc3 23. Ndf1 Rfc8 24. Rg2 g6 25. h4 f5 26. gxf6 Nxf6 27. h5 {0-1 Stein,R (1728)-Poghosyan,T (1945) GER-ch U12 Oberhof 2013 (8)}) 13. g5 Nh5 14. Kb1 Nb6 15. f4 Nc4 16. Bxc4 Bxc4 17. f5 Qd7 18. f6 Bd8 19. Qxd6 Qh3 20. Bc5 Re8 21. fxg7 Be7 22. Qb6 Bxb3 23. Bxe7 Bxc2+ 24. Kxc2 Qg2+ 25. Kb1 Qg4 26. Rhg1 Qf3 27. Bf6 Rxc3 28. bxc3 Qxc3 29. Qd6 Nxf6 30. gxf6 Qe3 31. Rge1 Qc3 32. Rc1 Qa5 33. Qd7 Rd8 34. Red1 1-0

[Event "Olympiad Women 2024"]
[Site "Budapest HUN"]
[Date "2024.09.20"]
[Round "9.57"]
[Board "1"]
[White "Bwalya Mulwale, Lubuuto"]
[Black "Mahi R. Shah"]
[Result "1-0"]
[WhiteElo "1852"]
[BlackElo "1602"]
[PlyCount "163"]
[EventDate "2024.09.11"]
[WhiteTeam "Zambia"]
[BlackTeam "Tanzania"]
[WhiteTeamCountry "ZAM"]
[BlackTeamCountry "TAN"]

1. c4 e6 2. Nc3 Nf6 3. Nf3 d5 4. d4 Be7 5. e3 O-O 6. Bd3 dxc4 7. Bxc4 c5 8. O-O cxd4 9. exd4 Nc6 10. Be3 b6 11. Qe2 Bb7 12. Rac1 ({RR} 12. Rfd1 Nb4 13. Ne5 Rc8 14. Rac1 Nbd5 15. Bd3 Rc7 16. Bg5 h6 17. Bd2 Nxc3 18. bxc3 Qd5 19. f3 Rfc8 20. Kh1 Qd8 21. Re1 Ba3 22. Rcd1 Bb2 23. Nc4 Bxc3 24. Bxc3 Bd5 25. Nxb6 axb6 26. Bb4 Bc4 {0-1 Hebden,M (2560)-Rogers,I (2595) Hastings 9394 1993 (1)}) ({RR} 12. Rfd1 Nb4 13. Ne5 Nbd5 14. Rac1 Rc8 15. Nxd5 Nxd5 16. Ba6 Bxa6 17. Qxa6 Rxc1 18. Rxc1 Bd6 19. Bd2 Bxe5 20. dxe5 Qb8 21. f4 Rd8 22. b3 Qa8 23. h3 h6 24. Kh2 Ne7 25. Be3 Qe4 26. Re1 Rc8 {0-1 Huang,D-Zhao,L (1865) Chinese Youth U12 2024 (2.2)}) 12... Na5 $146 ({RR} 12... Nb4 13. Ne5 Nbd5 14. Ba6 Bxa6 15. Qxa6 Qc8 16. Qe2 Qb7 17. Kh1 Rac8 18. Bd2 Rfd8 19. Rfe1 Nb4 20. a3 Nc6 21. Nxc6 Qxc6 22. Be3 Qb7 23. Red1 Nd5 24. Nxd5 Qxd5 25. Qa6 Rxc1 26. Rxc1 Qd7 27. Qc4 {0-1 Zhou,L (1504)-Liu,H (1663) ch-CHN Personal GpB m 2023 (3.28)}) ({RR} 12... Nb4 13. Ne5 Nbd5 14. Bd2 h6 15. Bd3 Bd6 16. Nb5 a6 17. Nxd6 Qxd6 18. Nc4 Qe7 19. Ne3 Nf4 20. Qd1 Nxd3 21. Rc3 Nb4 22. a3 Nbd5 23. Nxd5 Nxd5 24. Rg3 Qf6 25. Re1 Rfc8 26. Re5 Rc4 27. Bc3 {0-1 Malis,D-Hurt,L CZE-chMa U16 1998 (4)}) ({RR} 12... Nb4 13. a3 Nbd5 14. Ba6 Bxa6 15. Qxa6 Qc8 16. Qxc8 Rfxc8 17. Nxd5 Nxd5 18. Rxc8+ Rxc8 19. Rc1 Rxc1+ 20. Bxc1 b5 21. Ne5 Bd6 22. Bd2 Ne7 23. Nd3 Nc6 24. Bc3 f6 25. Kf1 a5 26. b4 a4 27. Ke2 {0-1 Ribes Peris,A (2139)-Reinaldo Castineira,R (2452) Calvia Autonomicas-chT 2007 (4)}) 13. Ba6 Nd5 14. Bxb7 Nxc3 15. Rxc3 Nxb7 16. Qa6 Na5 17. Rfc1 Qd5 18. Rc7 Bd6 19. Rxa7 Rxa7 20. Qxa7 Nc4 21. b3 Nxe3 22. fxe3 Qe4 23. Re1 Qc6 24. Qa6 Ra8 25. Qe2 Rc8 26. Qd2 Qc2 27. Re2 Qe4 28. Qb2 Bb4 29. a3 Bd6 30. Kf2 Ra8 31. b4 Qd3 32. Ne1 Qxa3 33. Qxa3 Rxa3 34. Rb2 b5 35. h3 g6 36. Ke2 Kg7 37. Nc2 Rc3 38. Kd2 Rc4 39. Kd3 e5 40. Na3 Rxb4 41. Rxb4 Bxb4 42. Nxb5 exd4 43. exd4 Kf6 44. Ke4 Ke7 45. g4 Be1 46. Na3 Bg3 47. Nc4 Bc7 48. Kd5 Kd7 49. Ne5+ Ke7 50. g5 f5 51. h4 f4 52. Nf3 Kd7 53. Ke4 Ke6 54. Nd2 Ba5 55. d5+ Kd7 56. Nf3 Kd6 57. Nd4 Bb6 58. Ne6 f3 59. Kxf3 Kxd5 60. Nf8 Bc5 61. Nxh7 Be7 62. h5 gxh5 63. g6 Ke6 64. Kf4 Bf6 65. Ng5+ Bxg5+ 66. Kxg5 h4 67. Kh6 h3 68. g7 Kf7 69. Kh7 h2 70. g8=Q+ Ke7 71. Qg2 Ke6 72. Qxh2 Kd5 73. Qf4 Kc5 74. Qe4 Kb5 75. Qd4 Ka5 76. Qb2 Ka4 77. Kg6 Ka5 78. Kf5 Ka4 79. Ke5 Ka5 80. Kd5 Ka6 81. Kc6 Ka7 82. Qb7# 1-0

[Event "Olympiad Women 2024"]
[Site "Budapest HUN"]
[Date "2024.09.20"]
[Round "9.57"]
[Board "2"]
[White "Anahi Rishit Shah"]
[Black "Likando Namakau"]
[Result "0-1"]
[WhiteElo "1513"]
[BlackElo "1746"]
[PlyCount "128"]
[EventDate "2024.09.11"]
[WhiteTeam "Tanzania"]
[BlackTeam "Zambia"]
[WhiteTeamCountry "TAN"]
[BlackTeamCountry "ZAM"]

1. e4 c6 2. d4 d5 3. exd5 cxd5 4. Nf3 Bg4 5. Bb5+ Nc6 6. Bxc6+ ({RR} 6. h3 Bxf3 7. Qxf3 Qa5+ 8. Nc3 e6 9. Bd2 Qb6 10. O-O-O Nf6 11. g4 Rc8 12. Rhe1 Be7 13. Bxc6+ Qxc6 14. Qd3 O-O 15. f4 Bb4 16. g5 Bxc3 17. gxf6 Bxd4 18. fxg7 Rfe8 19. c3 Bf6 20. Kb1 Qc4 {0-1 Khoudgarian,N (2138)-Zhao,X (2565) World-ch (Women) k.o. 2012 (1.1)}) ({RR} 6. O-O e6 7. c3 Bd6 8. Re1 Qc7 9. h3 Bh5 10. a4 Nf6 11. Nbd2 O-O 12. Nf1 Rac8 13. Be3 a6 14. Be2 Rfe8 15. Nh4 Bxe2 16. Rxe2 Na5 17. Qc2 Nc4 18. Nd2 b5 19. axb5 axb5 20. Qb3 Ra8 {0-1 Hoerstrup,R (1758)-Weber,C (1875) 51st Sparkassen Open B 2024 (3.10)}) 6... bxc6 7. O-O e6 8. Bf4 Qb6 $146 ({RR} 8... h6 9. Nc3 Bd6 10. Bxd6 Qxd6 11. h3 Bh5 12. Qe1 Ne7 13. Qe5 Qxe5 14. Nxe5 f6 15. Nd3 g5 16. Nc5 Kf7 17. Rae1 Nf5 18. Nxe6 Nxd4 19. Nxd4 Bg6 20. Nxc6 Bxc2 21. Nxd5 Bd3 22. Re7+ Kg6 23. Rd1 {0-1 Sebring,T (842)-Dupuis,B (1223) Warren Bottom-Half U1300 op 2003 (4)}) 9. Nbd2 Qxb2 10. Qb1 Qb5 11. Qxb5 cxb5 12. c3 Nf6 13. Rab1 a6 14. h3 Bf5 15. Rb3 Be7 16. Ne5 Rc8 17. Nef3 Ne4 18. Nxe4 Bxe4 19. Ng5 Bd3 20. Ra1 O-O 21. Nf3 f6 22. Ne1 Bc4 23. Rbb1 Rc6 24. a4 Rfc8 25. Bd2 e5 26. dxe5 fxe5 27. Nc2 Bc5 28. axb5 Bxb5 29. Be3 Bd3 30. Nb4 Bxb4 31. Rxb4 Rxc3 32. Rb2 d4 33. Bd2 Rc2 34. Rxc2 Rxc2 35. Be1 Bb5 36. f3 Kf7 37. Rd1 Be2 38. Rd2 Rxd2 39. Bxd2 Ke6 40. Kf2 Bd3 41. g4 g6 42. g5 Kd5 43. h4 Kc5 44. Kg3 Kb5 45. Kf2 a5 46. Ke1 a4 47. Bc1 Kc4 48. Kd1 Kb3 49. Kd2 Bf5 50. Ke2 a3 51. Bxa3 Kxa3 52. Kd1 Kb3 53. Kd2 Kc4 54. Ke2 Kc3 55. Kd1 d3 56. f4 d2 57. h5 Bc2+ 58. Ke2 d1=Q+ 59. Kf2 exf4 60. hxg6 Bxg6 61. Kg2 Be4+ 62. Kh3 Qf3+ 63. Kh4 Qg3+ 64. Kh5 Qh3# 0-1

[Event "Olympiad Women 2024"]
[Site "Budapest HUN"]
[Date "2024.09.20"]
[Round "9.57"]
[Board "3"]
[White "Mbatha, Constance"]
[Black "Bertha Samson Mkude"]
[Result "1-0"]
[WhiteElo "1799"]
[BlackElo "1459"]
[PlyCount "99"]
[EventDate "2024.09.11"]
[WhiteTeam "Zambia"]
[BlackTeam "Tanzania"]
[WhiteTeamCountry "ZAM"]
[BlackTeamCountry "TAN"]

1. e4 e5 2. Bc4 Nf6 3. d3 h6 4. Nf3 d6 5. Nc3 Be7 6. Be3 Bg4 7. h3 Bh5 8. g4 Bg6 9. Qd2 Nc6 10. a3 a6 11. Nd5 $146 ({RR} 11. Ba2 Qd7 12. O-O-O O-O-O 13. Nh4 Nxe4 14. Nxe4 Bxh4 15. Rhf1 Qe7 16. f4 d5 17. Nc3 d4 18. Nd5 Rxd5 19. Bxd5 dxe3 20. Qxe3 exf4 21. Qg1 Qe3+ 22. Kb1 Qxg1 23. Rxg1 Re8 24. Rdf1 Bg3 25. h4 f5 {0-1 Moore,B (1623)-Frueh,G (1467) Nittenau-ch 01st 2001 (4)}) 11... Qd7 12. Nxf6+ Bxf6 13. O-O-O O-O-O 14. Rhg1 Be7 15. Qe2 f6 16. Bd5 Rhf8 17. d4 exd4 18. Bxd4 Bf7 19. Rge1 Rde8 20. Qc4 Bxd5 21. exd5 Na5 22. Qc3 Qb5 23. Be3 f5 24. Nd4 Bf6 25. Nxb5 Bxc3 26. Nxc3 fxg4 27. hxg4 Nc4 28. Bd4 Rxe1 29. Rxe1 g5 30. Rh1 c5 31. dxc6 bxc6 32. Rxh6 Kd7 33. Bf6 Re8 34. Bxg5 Re1+ 35. Nd1 Ne5 36. Bf4 Nxg4 37. Rxd6+ Kc8 38. Rxc6+ Kb7 39. Rc7+ Kb6 40. Rd7 Nxf2 41. Be3+ Kc6 42. Bxf2 Rh1 43. Rd2 Kb5 44. c3 a5 45. Kc2 a4 46. Rd6 Ka5 47. c4 Rh5 48. Rd7 Rh6 49. Nc3 Rh2 50. Ra7# 1-0

[Event "Olympiad Women 2024"]
[Site "Budapest HUN"]
[Date "2024.09.20"]
[Round "9.58"]
[Board "1"]
[White "Viana, Valeria"]
[Black "Hamadeh, Sally"]
[Result "1-0"]
[WhiteElo "1882"]
[BlackElo "1557"]
[PlyCount "103"]
[EventDate "2024.09.11"]
[WhiteTeam "Honduras"]
[BlackTeam "Lebanon"]
[WhiteTeamCountry "HON"]
[BlackTeamCountry "LBN"]

1. e4 {Giri,Anish} e5 2. Nf3 Nc6 3. Bb5 Nf6 4. d3 Bc5 5. c3 d6 6. d4 exd4 7. cxd4 Bb4+ 8. Kf1 ({RR} 8. Bd2 Bxd2+ ({RR} 8... O-O 9. Bxc6 Bxd2+ 10. Nbxd2 bxc6 11. O-O) 9. Nbxd2 Bd7 10. O-O O-O 11. Re1 Re8 12. h3 ({RR} 12. Rc1 a6 13. Bd3 Bg4 14. Qb3) 12... Ne7 13. Bf1 c6 14. Qb3 ({RR} 14. e5 dxe5 15. dxe5 Nfd5 16. Ne4 Nf5) 14... Qb6 ({RR} 14... Qc7 15. Ng5 Rf8 16. f4 ({RR} 16. e5 dxe5 17. dxe5 Nfd5) 16... h6 17. Ngf3 d5 ({RR} 17... Nh5 18. f5) 18. e5 Nh5 19. f5) 15. Qa3 Qc7 ({RR} 15... d5 16. e5 Nh5 17. g3) 16. Nc4 Nc8 17. e5 dxe5 18. dxe5 Nd5 19. Rac1 h6 20. b4 ({RR} 20. Nd4 b5 ({RR} 20... c5 21. Qf3 Ndb6 22. a4 Nxa4 23. Bd3 cxd4 24. Nd6) 21. e6) 20... Qd8 ({RR} 20... Ndb6) 21. Qb2 Rb8 22. a3 a6 {1-0 Giri,A (2761)-Radjabov,T (2753) Norway Chess 10th 2022 (5)}) ({RR} 8. Bd2 Bxd2+ 9. Nbxd2 O-O 10. O-O Ne7 11. Re1 c6 12. Bf1 d5 13. e5 Ne8 14. Rc1 Bf5 15. b4 a6 16. Nb3 f6 17. Qd2 Be4 18. Nh4 fxe5 19. dxe5 Nf5 20. Nxf5 Bxf5 21. a4 Nc7 22. Nd4 Qe7 {1-0 Terao,J (2198)-Medeiros,T (1842) 10th Floripa Open 2024 (3.47)}) 8... Bd7 $146 ({RR} 8... d5 9. e5 Ne4 10. Qa4 Be7 11. Bxc6+ bxc6 12. Qxc6+ Qd7 13. Qxd7+ Bxd7 14. Ne1 Bb5+ 15. Kg1 c5 16. f3 Ng5 17. Nc3 Bc6 18. Nc2 cxd4 19. Nxd4 Bc5 20. Be3 Bxd4 21. Bxd4 Ne6 22. Rd1 Ke7 23. Kf2 {1-0 Cuartas,J (2495)-Granados Gomez,M (2407) Sitges op 34th 2008 (8)}) ({RR} 8... d5 9. e5 Ne4 10. Qa4 a5 11. Bxc6+ bxc6 12. Qxc6+ Qd7 13. Qxa8 Qb5+ 14. Kg1 O-O 15. h3 Bb7 16. Qa7 Ra8 17. Na3 Qe2 18. Qxb7 Qxf2+ 19. Kh2 Qg3+) ({RR} 8... d5 9. e5 Ne4 10. Qa4 a5 11. a3 Be7 12. Bxc6+ bxc6 13. Qxc6+ Bd7 14. Qxd5 Ng5 15. Bxg5 Bxg5 16. e6 Bxe6 17. Qxg5 Bc4+ 18. Kg1 f6 19. Qe3+ Kf7 20. Nbd2 Re8 21. Qf4 Bd5 22. h3 Kg8 23. Kh2 {1-0 Paulsen,L-Rosenthal,S Baden-Baden 1870 (5)}) ({RR} 8... d5 9. e5 Nd7 10. Qb3 Be7 11. Qxd5 O-O 12. Nc3 Nb4 13. Qe4 c6 14. Be2 Nb6 15. a3 N4d5 16. Nxd5 Nxd5 17. Bd3 f5 18. Qe2 Be6 19. Kg1 Nc7 20. Be3 Bd5 21. Rd1 Ne6 22. Bb1 Qb6 23. h4 {1-0 Poetz,F (2411)-Rabiega,R (2515) AUT-chT2M 1213 2012 (3.1)}) 9. Qa4 a5 10. a3 O-O 11. axb4 axb4 12. Qxa8 Qxa8 13. Rxa8 Rxa8 14. Nbd2 Bg4 15. Bd3 Bxf3 16. Nxf3 Ra1 17. Ke2 g5 18. d5 Na5 19. Rd1 g4 20. Nd4 Nd7 21. Bd2 Ra2 22. Rb1 Ra4 23. Bb5 Ra2 24. Bxd7 Nc4 25. Bxb4 Nxb2 26. Kf1 Nd3 27. Be1 Ne5 28. Bb5 Kf8 29. Rc1 c6 30. dxc6 bxc6 31. Nxc6 Ng6 32. Bc3 Ra8 33. Bb4 h5 34. Bxd6+ Kg7 35. Ne5 Nf4 36. Nxg4 Nxg2 37. Kxg2 hxg4 38. Be2 Re8 39. Rc4 Re6 40. e5 Rg6 41. Rxg4 Rxg4+ 42. Bxg4 Kg6 43. h4 Kh6 44. Kf3 Kg6 45. Kf4 Kh6 46. Bd1 Kg6 47. Bb3 Kg7 48. h5 Kh6 49. Bxf7 Kg7 50. Bb3 Kh6 51. e6 Kg7 52. e7 1-0

[Event "Olympiad Women 2024"]
[Site "Budapest HUN"]
[Date "2024.09.20"]
[Round "9.58"]
[Board "2"]
[White "Fawaz, Nadia"]
[Black "Torres Hernandez, Leslie Carolin"]
[Result "1-0"]
[WhiteElo "1747"]
[BlackElo "1891"]
[PlyCount "95"]
[EventDate "2024.09.11"]
[WhiteTeam "Lebanon"]
[BlackTeam "Honduras"]
[WhiteTeamCountry "LBN"]
[BlackTeamCountry "HON"]

1. e4 e5 2. Nf3 Nc6 3. Bc4 Be7 4. d4 d6 5. h3 Nf6 6. Nc3 O-O 7. O-O a6 8. a4 Nxe4 9. Nxe4 d5 10. Bxd5 Qxd5 11. Nc3 Qa5 $146 ({RR} 11... Qd6 12. dxe5 Nxe5 13. Nxe5 Qxe5 14. Nd5 c6 15. Nb6 Rb8 16. Re1 Qf6 17. Be3 Be6 18. Nd7 Bxd7 19. Qxd7 Rfd8 20. Qg4 g6 21. c3 c5 22. Rad1 h5 23. Qe4 b5 24. axb5 axb5 25. Rxd8+ Rxd8 26. Qb7 {1-0 Tischbierek,R (2495)-Negulescu,A (2405) Berliner Sommer 08th 1990 (8)}) ({RR} 11... Qd6 12. dxe5 Nxe5 13. Nxe5 Qxe5 14. Re1 Qc5 15. Qf3 Bd6 16. Bf4 Bxf4 17. Qxf4 Be6 18. Re5 Qb6 19. b3 Rad8 20. Rae1 Rd4 21. Qg3 Qb4 22. Kh2 Rf4 23. Nd5 Bxd5 24. c3 Qxb3 25. Qxf4 Be6 26. Rc5 {1-0 Swiercz,D (2647)-Haznedaroglu,K (2491) TUR-chT Izmir 2016 (5.3)}) ({RR} 11... Qd6 12. dxe5 Nxe5 13. Nxe5 Qxe5 14. Re1 Qd6 15. Nd5 Bd8 16. Bf4 Qc5 17. b4 Qc4 18. Ra3 Be6 19. Rd3 Bxd5 20. Rd4 Qc6 21. Rxd5 Qxa4 22. Re4 Qc6 23. Be3 b6 24. Rg4 Bf6 25. c4 Rad8 26. h4 {0-1 Gavrilin,R (2185)-Yagiz,Y (2113) Titled Tue 27th Aug Late 2024 (6)}) ({RR} 11... Qd6 12. dxe5 Nxe5 13. Nxe5 Qxe5 14. Re1 Qc5 15. Be3 Qd6 16. Nd5 Be6 17. Bf4 Qxd5 18. Qxd5 Bxd5 19. Rxe7 c5 20. Bd6 Rfe8 21. Bxc5 Rxe7 22. Bxe7 h6 23. Bc5 Re8 24. Be3 Bc6 25. a5 Rd8 26. h4 {½-½ Ghinda,M (2455)-Negulescu,A (2430) ROM-ch Predeal 1988 (8)}) ({RR} 11... Qd6 12. dxe5 Nxe5 13. Nxe5 Qxe5 14. Re1 Qf6 15. Nd5 {0-1 Crepan,M (2292)-Mestrovic,Z (2402) Nova Gorica op-A 09th 2004 (6)}) 12. d5 Rd8 13. Qe2 Nb4 14. Nxe5 Nxd5 15. Nc4 Qc5 16. Nxd5 Rxd5 17. b4 Qd4 18. Qxe7 Be6 19. Nb2 b6 20. Ra3 Rd7 21. Qg5 Qxb4 22. Nd3 Qf8 23. a5 b5 24. Nc5 Rd5 25. Nxe6 Rxg5 26. Nxf8 Rd5 27. Nxh7 Kxh7 28. Rd3 Rc5 29. c3 Re8 30. Be3 Rc4 31. Rb1 Ree4 32. Rd4 Rexd4 33. cxd4 Kg6 34. Rc1 Rxc1+ 35. Bxc1 Kf5 36. f3 Ke6 37. Kf2 Kd5 38. Ke3 Kc4 39. Kd2 g6 40. h4 Kxd4 41. Bb2+ Kd5 42. g4 Ke6 43. Ke3 c5 44. Ba3 b4 45. Bb2 c4 46. Kd4 c3 47. Bc1 f5 48. Kc4 1-0

[Event "Olympiad Women 2024"]
[Site "Budapest HUN"]
[Date "2024.09.20"]
[Round "9.58"]
[Board "3"]
[White "Cruz, Bitia"]
[Black "Attieh, Skye"]
[Result "0-1"]
[WhiteElo "1736"]
[BlackElo "1675"]
[PlyCount "76"]
[EventDate "2024.09.11"]
[WhiteTeam "Honduras"]
[BlackTeam "Lebanon"]
[WhiteTeamCountry "HON"]
[BlackTeamCountry "LBN"]

1. e4 e6 2. d4 d5 3. e5 c5 4. c3 Nc6 5. Nf3 Qb6 6. Bd3 cxd4 7. cxd4 Bd7 8. Bc2 Nb4 9. O-O Nxc2 10. Qxc2 Ne7 11. Nc3 Nc6 ({RR} 11... Rc8 12. Qd3 a6 13. Bd2 Nf5 14. Rac1 h5 15. Na4 Qb5 16. Rxc8+ Bxc8 17. Qxb5+ axb5 18. Nb6 Bd7 19. Rc1 Bc6 20. Kf1 Be7 21. Nc8 Bf8 22. Na7 Kd7 23. a4 bxa4 24. Nxc6 bxc6 25. Ra1 Be7 26. Rxa4 {1-0 Xiong,J (2693)-Kramnik,V (2753) Titled Tue 22nd Aug Late 2023 (5)}) ({RR} 11... Nf5 12. Rd1 Rc8 13. Qd3 Qb4 14. a3 Qc4 15. Qxc4 Rxc4 16. g4 Ne7 17. Be3 Ng6 18. Kg2 Be7 19. Nd2 Rc8 20. f4 O-O 21. Kg3 Bh4+ 22. Kh3 Bd8 23. Kg3 Ba5 24. Rac1 Bxc3 25. Rxc3 Rxc3 26. bxc3 {0-1 Mendes Aaron Reeve (2307)-Panesar,V (2464) Dubai Police Open A 2024 (1.55)}) 12. Be3 Be7 13. Rfd1 O-O $146 ({RR} 13... Na5 14. Rac1 Rc8 15. Qe2 Nc4 16. Rc2 Nxe3 17. fxe3 O-O 18. Rdc1 f6 19. Kh1 Be8 20. Nxd5 Rxc2 21. Nxe7+ Kf7 22. Qxc2 Kxe7 23. Qxh7 Rf7 24. exf6+ gxf6 25. Qc2 Bc6 26. Qc5+ Kd7 27. Qxb6 axb6 28. Kg1 {1-0 Papp,L (2225)-Bodrogi,L (2150) HUN KO-ch Hungary 1998}) 14. a3 Na5 15. Bg5 Qd8 16. h4 h6 17. Bxe7 Qxe7 18. Qd3 Rac8 19. g4 Nc4 20. Qe2 f6 21. Kg2 fxe5 22. dxe5 Qf7 23. Rd3 Qg6 24. Rd4 h5 25. Ng5 hxg4 26. b3 Na5 27. Qb2 Qf5 28. Rg1 Nxb3 29. Rb4 Nc5 30. Kh1 Nd3 31. Qd2 Nxb4 32. Nd1 Nd3 33. Rg2 Rc1 34. Qe2 Rxd1+ 35. Qxd1 Nxf2+ 36. Rxf2 Qxf2 37. Qd3 Qe1+ 38. Kh2 Rf2+ 0-1